000 00940nac a22002897a 4500
001 BR0502879
003 BR-BrBNA
005 20240105123154.0
008 230509b bl.|||m| |||| 00| 0 por d
040 _aBR-BrBNA
_bpor
_cBiblioteca Nacional de Agricultura
072 _aN01
090 _aN01 BR0502879
100 1 _aSilva, E.D. da
110 1 _aUnidade de Execução de Pesquisa de Âmbito Estadual de Belem, PA (Brasil)
_910340
245 1 _aCerca elétrica
260 3 _aBelém, PA (Brasil):
_c1989.
300 _a34 p.
490 _aDocumentos - Unidade de Execução de Pesquisa de Âmbito Estadual de Belém (Brazil)
_vno. 4
_xISSN 0103-0515
500 _a21 illus.; 15 ref.
650 _aCERCA ELÉTRICA
650 _aADOÇÃO DE INOVAÇÕES
650 _aENGENHARIA AGRÍCOLA
650 _aCONSTRUÇÃO RURAL
650 _aMANUTENÇÃO
909 _a202312
_bLúcia Elande
_c55
_dLúcia Elande
942 _2AGRIS
_n0
_cMS
999 _c294297
_d294297